MDQL
is popping MORE tags! Check the
thread
!
Quizzes
Events
Quiz Creation
Community
Videos
Private Events
Remove Ads
Sign In
Join for FREE
Feedback
Dark Mode
Quiz Categories
Sports
Geography
Music
Movies
Television
Just For Fun
Miscellaneous
History
Literature
Language
Science
Gaming
Entertainment
Religion
Holiday
For Kids
Quiz Lab
Recent
Popular Today
Quiz Kudos Today
Editor Picks
Curator Picks
Quizzes by...
Day
Popularity
Type
Ratings
Length
Year
Community
Subscriptions
Recent Discussions
Orange Saloon
Badges
Playlists
Quests
Create
Leaderboards
Showdown
Live 5
Trivia Bingo
Activity
Puzzle Library
Sporcle Events
Private Events
Virtual Trivia
Globe League
Become a Host
Pub Owners
SporcleCon
Opinionation
Our Games
Videos
Blog
Mobile Apps
Partnerships
Remove Ads and Go Orange
Feedback
Movies
Disney
Marvel Cinematic Universe
Movie Resume
Movie Titles
Oscar
Actor
Actress
Director
Pixar
Role
Movie Quotes
Movie Characters
Box Office
Nominee
Best Picture
Star Wars
James Bond
Horror Movies
Movies
Disney
Marvel Cinematic Universe
Movie Resume
Movie Titles
Oscar
Actor
Actress
Director
Pixar
Role
Movie Quotes
Movie Characters
Box Office
Nominee
Best Picture
Star Wars
James Bond
Horror Movies
Random Quiz
Search Sporcle
×
Quiz Lab
Quiz Lab
Movies
Digital Dream
Type in answers that appear in a list
Type in answers that appear in a list
Classic
Best Score? Go Orange.
100 Greatest Action Movies Stats
Can you name the 100 Greatest Action Movies, According To Digital Dream Door?
By
Arkturus
15m
100 Questions
2,998 Plays
2,998 Plays
2,998 Plays
Comments
Comments
Give Quiz Kudos
Give Quiz Kudos
-
- Ratings
hide this ad
More Info
Replay
Link that replays current quiz
Next Quiz
Link to next quiz in quiz playlist
You Got
0%
They Got
Avg Score
47%
Avg Friend Score
Upgrade to see
Score Distribution
Jump to the score distribution portion of the page
Score
0/100
Timer
15:00
0
Plays Today
Year And Starring
Film
% Correct
#1 -
Bruce Willis (1988)
Die Hard
98.3%
#6 -
Arnold Schwarzenegger (1984)
The Terminator
96.7%
#2 -
Arnold Schwarzenegger (1991)
Terminator 2: Judgment Day
91.6%
#8 -
Keanu Reeves (1999)
The Matrix
90.7%
#14 -
Sigourney Weaver (1986)
Aliens
84.9%
#29 -
Uma Thurman (2003)
Kill Bill Volume 1
84.8%
#20 -
Matt Damon (2002)
The Bourne Identity
84.2%
#11 -
Mel Gibson (1987)
Lethal Weapon
83.2%
#3 -
Sean Connery (1964)
Goldfinger
82.7%
#40 -
Sylvester Stallone (1982)
First Blood
82.1%
#22 -
Sean Connery (1962)
Dr. No
81.2%
#41 -
Nicolas Cage (1996)
The Rock
79.5%
#5 -
Bruce Lee (1973)
Enter The Dragon
79.2%
#25 -
Mel Gibson (1979)
Mad Max
78.7%
#7 -
Clint Eastwood (1971)
Dirty Harry
77.8%
#82 -
Bruce Willis (1990)
Die Hard 2
77%
#18 -
Arnold Schwarzenegger (1987)
Predator
75.4%
#32 -
Eddie Murphy (1984)
Beverly Hills Cop
75.1%
#42 -
Daniel Craig (2006)
Casino Royale
74.6%
#38 -
Uma Thurman (2005)
Kill Bill Volume 2
72.8%
#9 -
Mel Gibson (1981)
The Road Warrior
70.8%
#66 -
Tom Cruise (1986)
Top Gun
70.4%
#28 -
Keanu Reeves (1994)
Speed
69.6%
#61 -
Matt Damon (2007)
The Bourne Ultimatum
69.6%
#97 -
Matt Damon (2004)
The Bourne Supremacy
69.3%
#85 -
Tom Cruise (1996)
Mission Impossible
68.6%
#60 -
Pierce Brosnan (1995)
Goldeneye
68.2%
#95 -
Bruce Willis (1995)
Die Hard With A Vengeance
68%
#62 -
Mel Gibson (1989)
Lethal Weapon 2
66.7%
#17 -
Sean Connery (1963)
From Russia With Love
65.2%
#39 -
John Travolta (1997)
Face/Off
65%
#70 -
Paul Walker (2001)
The Fast And The Furious
64.4%
#53 -
Gerard Butler (2006)
300
64.3%
#92 -
Liam Neeson (2008)
Taken
63.8%
Year And Starring
Film
% Correct
#10 -
Gene Hackman (1971)
The French Connection
63.8%
#27 -
Harrison Ford (1993)
The Fugitive
63.2%
#69 -
Sylvester Stallone (1985)
First Blood Part II
63%
#34 -
Arnold Schwarzenegger (1990)
Total Recall
60.8%
#12 -
Chow Yun Fat (2000)
Crouching Tiger, Hidden Dragon
60.7%
#78 -
Roger Moore (1983)
Octopussy
59.5%
#80 -
Harrison Ford (1997)
Air Force One
59.2%
#51 -
Jean Reno (1994)
Leon
59%
#19 -
Peter Weller (1987)
Robocop
58.4%
#43 -
Kurt Russell (1981)
Escape From New York
58.2%
#77 -
Arnold Schwarzenegger (1985)
Commando
56.3%
#73 -
Nicolas Cage (1997)
Con Air
56%
#74 -
Jason Statham (2002)
The Transporter
55.8%
#47 -
Arnold Schwarzenegger (1994)
True Lies
55.6%
#13 -
Steve McQueen (1968)
Bullitt
55.2%
#63 -
Sean Connery (1965)
Thunderball
53.6%
#26 -
Nick Nolte (1982)
48 Hrs.
51.7%
#35 -
George Lazenby (1969)
On Her Majesty's Secret Service
51.4%
#87 -
Roger Moore (1973)
Live And Let Die
48.9%
#93 -
Jackie Chan (1998)
Rush Hour
46.8%
#96 -
Sean Connery (1971)
Diamonds Are Forever
46.8%
#50 -
Roger Moore (1977)
The Spy Who Loved Me
46%
#23 -
Richard Roundtree (1971)
Shaft
45.2%
#98 -
Timothy Dalton (1989)
Licence To Kill
44.8%
#65 -
Steven Seagal (1992)
Under Siege
44.8%
#36 -
Mickey Rourke (2005)
Sin City
44.6%
#84 -
Sean Connery (1967)
You Only Live Twice
44.1%
#59 -
Burt Reynolds (1977)
Smokey And The Bandit
42.9%
#89 -
Antonio Banderas (1995)
Desperado
41.5%
#46 -
Sylvester Stallone (1993)
Cliffhanger
40.3%
#16 -
Chow Yun Fat (1992)
Hard Boiled
39.7%
#45 -
Michael Caine (1969)
The Italian Job
38.5%
#4 -
Chow Yun Fat (1989)
The Killer
28.1%
#100 -
Sylvester Stallone (1989)
Tango And Cash
27.4%
Year And Starring
Film
% Correct
#99 -
Patrick Swayze (1984)
Red Dawn
27.1%
#86 -
Christian Slater (1993)
True Romance
26.6%
#68 -
Jackie Chan (1978)
Drunken Master
25.9%
#71 -
Jet Li (2002)
Hero
24.1%
#30 -
Jackie Chan (1985)
Police Story
23.3%
#44 -
Robert De Niro (1987)
Midnight Run
21.8%
#72 -
Tony Jaa (2003)
Ong-Bak
19.6%
#33 -
Bruce Lee (1972)
Fist Of Fury
19.3%
#76 -
Bruce Lee (1971)
The Big Boss
17%
#55 -
Steve McQueen (1972)
The Getaway
16.1%
#15 -
Jet Li (1991)
Once Upon A Time In China
15.3%
#37 -
Michael Beck (1978)
The Warriors
13.9%
#56 -
Jackie Chan (1994)
Drunken Master II
13.5%
#24 -
Chow Yun Fat (1986)
A Better Tomorrow
13%
#64 -
Carlos Gallardo (1992)
El Mariachi
12.9%
#54 -
Anne Parillaud (1990)
La Femme Nikita
12.5%
#91 -
Pam Grier (1973)
Coffy
12.5%
#88 -
Takeshi Kaneshiro (2004)
House Of Flying Daggers
12.2%
#90 -
Rudy Youngblood (2006)
Apocalypto
11.4%
#79 -
Sonny Chiba (1974)
The Street Fighter
10.6%
#49 -
Tatsuya Fujiwara (2000)
Battle Royale
9.4%
#58 -
Austin Stoker (1976)
Assault On Precinct 13
8.5%
#94 -
Chow Yun Fat (1987)
A Better Tomorrow II
8.5%
#21 -
Tomisaburo Wakayama (1972)
Lone Wolf And Cub: Sword Of Vengeance
6.3%
#52 -
Tony Leung (1990)
A Bullet In The Head
5.5%
#48 -
Jet Li (1992)
Once Upon A Time In China II
4.9%
#31 -
Tetsuya Watari (1966)
Tokyo Drifter
4.3%
#83 -
Meiko Kaji (1973)
Lady Snowblood
4.1%
#67 -
Tak Sakaguch (2000)
Versus
2.8%
#57 -
Tomisaburo Wakayama (1972)
Lone Wolf And Cub: Baby Cart At The River Styx
2.8%
#81 -
Tatsuya Nakadai (1966)
The Sword Of Doom
2.3%
#75 -
Chow Yun Fat (1993)
Full Contact
2%
Quiz Playlist
Details
Report
Send in Message
Add To Playlist
More Info:
Name the 100 Greatest Action Movies, as chosen by Digital Dream Door.
Classic:
Type in answers that appear in a list
Quiz Source
Last Updated: Feb 16, 2017
Quiz Scoreboard
CHALLENGE
Sign Up to Join the Scoreboard
Show All
Scores
Hide
Comments
May contain spoilers
Recently Published
5x2 Blitz: Bands
by SL_Kpop136
Music
30s
Colored Red Africa Blitz
by spor1
Geography
30s
Find the 'City' Movie
by crazypaving
Movies
60s
More to Explore
Quiz From the Vault
Featured Blog Post
14 Easter Pick-up Lines to Find Eggs With
hide this ad
You Might Also Like...
Tags
100 Greatest
Action
Digital Dream
greatest
Today's Top Quizzes in Movies
Browse Movies
hide this ad
Top Contributed Quizzes in Movies
1
Pick 5 Posters: Directed by Spielberg
2
7-to-1: Pixar Characters
3
Hidden Star Wars Character II
4
Hidden Star Wars Character III
5
Hidden Star Wars Character IV
6
Pick 5 Posters: Lowest-Rated Spielberg
7
Sorting Actresses
8
Sorting Actors
9
Hidden Star Wars Character V
10
Hidden Star Wars Character VI
Explore More
Trending Topics
Crossword
Marvel
Kpop
NBA
Anime
Harry Potter
Disney
The Office
WWE
Pokémon
Soccer
Song
Country
Puzzle
NFL
hide this ad
More By:
Arkturus
Quiz
Plays
Rating
Category
Featured
Created
IGN's Top 100 Final Fantasy Characters
5,052
4.40
Gaming
Jul 20, 2011
Have They Won An NXT Championship (2012-2023)?
3,746
3.42
Sports
Oct 11, 2017
100 Greatest Western Movies
3,474
4.45
Movies
Jun 20, 2011
100 Greatest Action Movies
2,998
4.19
Movies
Jun 19, 2011
100 Greatest Sci-Fi Movies
2,988
4.29
Movies
Jun 17, 2011
Go to Creator's Profile
Score Distribution
Quiz Creator Spotlight
Arkturus
Follow
Send a Message
Quizzes Created
-
Created Quiz Play Count
-
More By This Creator
Popular Quizzes Today
1
5x2 Blitz: Bands
2
Find the 'City' Movie
3
Find the US States - No Outlines Minefield
4
Colored Red Africa Blitz
5
The Countries of the World
6
Find the US States
7
Risky Map Clicking: Biggest States A-Z
8
9x9 Crossword: Cartoon Network
More Movies Quizzes
Best Ten Real-Time Movies
Editor's Pick
Trending Quizzes
Colored Red Africa Blitz II
Colored Red Europe Blitz I
Find the 'Dark' Movie
Find the 'Day' Movie
Find the 'Good' Movie
Recently Updated
Champions League XIs: Real Madrid
pecheneg
Largest US Cities 1790-2010
pecheneg
Rides in Walt Disney World
pecheneg
Most Oscar Losses (Acting)
pecheneg
Beyoncé Albums
pecheneg
Leaping Animals
pecheneg
Reality TV Shows (A-Z)
bhenderson79
Rickey Henderson's Hall of Fame Teammates
pecheneg
Champions League XIs: Arsenal
pecheneg
Quick Pick: Celebrities in WWE's Hall of Fame
aduchscher
Trending Topics
NBA
Anime
Harry Potter
Marvel
Disney
Kpop
Crossword
Pokémon
Puzzle
WWE
The Office
Country
NFL
Song
Soccer
Your Account Isn't Verified!
In order to create a playlist on Sporcle, you need to verify the email address you used during registration. Go to your
Sporcle Settings
to finish the process.
Report this User
Report this user for behavior that violates our
Community Guidelines
.
Details:
Send Report
Go to the Sporcle.com Mobile Site →
Comments